Η ελληνική ταπητουργία και η ταπητουργός στην Μικρά Ασία (1860-1922)

Αποθηκεύτηκε σε:
Λεπτομέρειες βιβλιογραφικής εγγραφής
Κύριος συγγραφέας: Ιστικοπούλου, Λήδα
Μορφή: Βιβλίο
Γλώσσα:Greek
Δημοσίευση: Αθήνα : Εστία, 2000
Έκδοση:1η έκδ.
Σειρά:Ελληνική κοινωνία ; ; 9
Θέματα:
Ετικέτες: Προσθήκη ετικέτας
Δεν υπάρχουν, Καταχωρήστε ετικέτα πρώτοι!

MARC

LEADER 00000cam a2200000 i 4500
001 1/87610
008 051018s2000 gre d
020 |a 960-05-0919-0 
035 |l 10080866 
040 |a GR-MY-UA  |b gre  |e aacr 
041 0 |a gre 
082 0 |a 331.4809561  |2 (22) 
100 1 |a Ιστικοπούλου, Λήδα. 
245 1 2 |a Η ελληνική ταπητουργία και η ταπητουργός στην Μικρά Ασία (1860-1922) /  |c Λήδα Ιστικοπούλου 
250 |a 1η έκδ. 
260 |a Αθήνα :   |b Εστία,   |c 2000 
300 |a 288 σ.;  |b έγχρ. εικ., εικ., χάρτ.;  |c 24 εκ. 
490 1 |a Ελληνική κοινωνία  |v ; 9 
504 |a Περιέχει βιβλιογραφία (σ.276-288) 
650 0 0 |a Women rug and carpet industry workers  |z Turkey  |x History  |y 19th century. 
650 0 0 |a Women rug and carpet industry workers  |z Turkey  |x History  |y 20th century. 
650 0 0 |a Greeks  |z Turkey  |x History  |y 19th century. 
650 0 0 |a Greeks  |z Turkey  |x History  |y 20th century. 
650 0 0 |a Rug and carpet industry  |z Turkey  |x History  |y 10th century. 
650 0 0 |a Rug and carpet industry  |z Turkey  |x History  |y 20th century. 
830 0 |a Ελληνική κοινωνία ;  |v ; 9 
852 |a INST  |b LESVOS  |e 20051018  |h 331.4809561 ΙΣΤ  |p 005100032828  |q 005100032828  |t BK  |y 0 
901 |a BIBL1-2005-3 
922 |a 1ΕΛΗ  |b 200510  |c Παράρτημα Λέσβου  |d Χατζηδανιήλ 
970 |a ΚΑΡΑ  |b ΓΙΑΣΕΜΗ  |z 2005/10/18